| 000 | 00663nam a2200205 u 4500 | ||
|---|---|---|---|
| 005 | 20221115063529.0 | ||
| 008 | 140917s2007 r 000 0 eng d | ||
| 020 | _a9788426136305 | ||
| 035 | _aUPN01000199605 | ||
| 049 | _aI | ||
| 050 | 4 |
_aPZ7 _bH7.6 |
|
| 100 | 1 |
_aHorácek, Petr, _d1967- _936331 |
|
| 245 | 1 | 3 |
_aLa oca boba / _cPetr Horácek ; tr. de Élodie Bourgeois Bertín. |
| 260 |
_aBarcelona, Esp. : _bJuventud, _c2007. |
||
| 300 |
_a[34] p. : _bprincipalmente il. col. |
||
| 534 |
_pTítulo original : _tSilly Suzy Goose |
||
| 650 | 7 |
_aLibros ilustrados para niños _2 _921365 |
|
| 650 | 7 |
_aAnimales _vLiteratura infantil _2 _91061 |
|
| 905 | _aInfantil | ||
| 999 |
_c171706 _d171706 |
||